Normal view
MARC view
- EAST AND WEST, ISLAM 21ST CENTURY, WAR ON TERRORISM 2001
Entry Topical Term
001 - CONTROL NUMBER
- control field: 73361
003 - CONTROL NUMBER IDENTIFIER
- control field: NUST
005 - DATE AND TIME OF LATEST TRANSACTION
- control field: 20210628205016.0
008 - FIXED-LENGTH DATA ELEMENTS
- fixed length control field: 210628|| aca||aabn | a|a d
040 ## - CATALOGING SOURCE
- Original cataloging agency: NUST
- Transcribing agency: NUST
150 ## - HEADING--TOPICAL TERM
- Topical term or geographic name entry element: EAST AND WEST, ISLAM 21ST CENTURY, WAR ON TERRORISM 2001
670 ## - SOURCE DATA FOUND
- Source citation: Work cat.: (NUST): Kepel, Gilles 73360, The war for muslim minds, islam and the west, 2004
